[Event "MCRDMZ 2018"]
[Site "Varnsdorf"]
[Date "2018.06.17"]
[Round "8.8"]
[White "Brozka Karel (Polabiny A)"]
[Black "Hobza Vojtech (Malenovice)"]
[Result "1-0"]
[BlackElo "1252"]
[WhiteElo "1735"]
[LiveChessVersion "1.4.8"]

1. d4 {[%clk 0:25:15]} d6 {[%clk 0:25:17]} 2. Nf3 {[%clk 0:25:20]} Nd7
{[%clk 0:25:19]} 3. c4 {[%clk 0:25:21]} Ngf6 {[%clk 0:25:12]} 4. Nc3
{[%clk 0:25:25]} e5 {[%clk 0:25:10]} 5. Bg5 {[%clk 0:24:34]} exd4
{[%clk 0:23:57]} 6. Nxd4 {[%clk 0:24:18]} h6 {[%clk 0:23:48]} 7. Bh4
{[%clk 0:24:02]} Ne5 {[%clk 0:23:09]} 8. e3 {[%clk 0:22:44]} Be7 {[%clk 0:22:01]}
9. Be2 {[%clk 0:22:12]} Be6 {[%clk 0:20:59]} 10. Qc2 {[%clk 0:19:01]} Qd7
{[%clk 0:19:06]} 11. b3 {[%clk 0:18:33]} c6 {[%clk 0:18:29]} 12. Bg3 Ng6
{[%clk 0:17:43]} 13. h3 {[%clk 0:13:19]} O-O {[%clk 0:17:37]} 14. f4
{[%clk 0:12:54]} c5 {[%clk 0:16:18]} 15. Nf3 {[%clk 0:10:51]} Bf5
{[%clk 0:16:06]} 16. e4 {[%clk 0:09:40]} Nh5 {[%clk 0:13:56]} 17. Bh2
{[%clk 0:09:02]} Bxh3 {[%clk 0:12:32]} 18. gxh3 {[%clk 0:08:29]} Ngxf4
{[%clk 0:12:02]} 19. O-O-O {[%clk 0:07:56]} Nxh3 {[%clk 0:10:32]} 20. Rhf1
{[%clk 0:06:39]} N3f4 {[%clk 0:10:19]} 21. e5 {[%clk 0:06:16]} Rad8
{[%clk 0:09:10]} 22. Qe4 {[%clk 0:05:29]} Nxe2+ {[%clk 0:07:46]} 23. Qxe2
{[%clk 0:05:27]} Qc6 {[%clk 0:06:08]} 24. Nd5 {[%clk 0:05:05]} Rfe8
{[%clk 0:05:36]} 25. Nd2 {[%clk 0:04:26]} dxe5 {[%clk 0:04:14]} 26. Qxh5
{[%clk 0:04:23]} f6 {[%clk 0:03:40]} 27. Ne4 {[%clk 0:04:11]} Rd7
{[%clk 0:01:26]} 28. Qxe8+ {[%clk 0:04:15]} 1-0

[Event "MCRDMZ 2018"]
[Site "Varnsdorf"]
[Date "2018.06.17"]
[Round "8.9"]
[White "Valkovic Marek (Malenovice)"]
[Black "Juchelka Marek (Polabiny A)"]
[Result "1-0"]
[BlackElo "1657"]
[WhiteElo "1313"]
[LiveChessVersion "1.4.8"]

1. e4 {[%clk 0:25:17]} c5 {[%clk 0:25:18]} 2. Nf3 {[%clk 0:25:21]} d6
{[%clk 0:25:26]} 3. d4 {[%clk 0:25:25]} cxd4 {[%clk 0:25:33]} 4. Nxd4
{[%clk 0:25:30]} g6 {[%clk 0:25:36]} 5. c4 {[%clk 0:25:28]} Bg7 {[%clk 0:25:39]}
6. Be3 {[%clk 0:25:16]} Nf6 {[%clk 0:25:39]} 7. Nc3 {[%clk 0:25:13]} Ng4
{[%clk 0:25:45]} 8. Bf4 {[%clk 0:22:05]} e5 {[%clk 0:25:12]} 9. Ndb5
{[%clk 0:21:19]} exf4 {[%clk 0:24:08]} 10. Nxd6+ {[%clk 0:20:33]} Kf8
{[%clk 0:23:05]} 11. c5 {[%clk 0:19:09]} Ne5 {[%clk 0:18:56]} 12. Qb3
{[%clk 0:16:50]} Qd7 {[%clk 0:16:04]} 13. Bb5 {[%clk 0:15:39]} Nbc6
{[%clk 0:15:13]} 14. Rd1 {[%clk 0:15:09]} Qc7 {[%clk 0:06:40]} 15. O-O
{[%clk 0:14:19]} Be6 {[%clk 0:06:10]} 16. Nd5 {[%clk 0:13:52]} Qb8
{[%clk 0:02:30]} 17. Qa4 {[%clk 0:12:06]} Bh6 {[%clk 0:00:23]} 18. f3
{[%clk 0:11:20]} Kg7 {[%clk 0:00:26]} 19. Qc2 {[%clk 0:10:25]} Rd8
{[%clk 0:00:21]} 20. Qc3 {[%clk 0:10:01]} f6 {[%clk 0:00:23]} 21. Nc4
{[%clk 0:09:07]} Bxd5 {[%clk 0:00:23]} 22. exd5 {[%clk 0:09:05]} Ne7
{[%clk 0:00:29]} 23. d6 {[%clk 0:09:00]} N7c6 {[%clk 0:00:36]} 24. Rfe1
{[%clk 0:08:34]} Re8 {[%clk 0:00:22]} 25. Nxe5 {[%clk 0:08:04]} Nxe5
{[%clk 0:00:17]} 26. Bxe8 {[%clk 0:07:55]} Qxe8 {[%clk 0:00:25]} 27. d7
{[%clk 0:07:58]} Qe7 {[%clk 0:00:33]} 28. Qd4 {[%clk 0:07:38]} Rd8
{[%clk 0:00:38]} 29. Qd5 {[%clk 0:07:18]} Nc6 {[%clk 0:00:16]} 30. Rxe7+
{[%clk 0:07:20]} Nxe7 {[%clk 0:00:21]} 31. Qxb7 {[%clk 0:07:24]} 1-0

[Event "MCRDMZ 2018"]
[Site "Varnsdorf"]
[Date "2018.06.17"]
[Round "8.10"]
[White "Stocek Martin (Polabiny A)"]
[Black "Vankova Marie (Malenovice)"]
[Result "0-1"]
[BlackElo "1342"]
[WhiteElo "1481"]
[LiveChessVersion "1.4.8"]

1. d4 {[%clk 0:25:18]} d5 {[%clk 0:25:18]} 2. c4 {[%clk 0:25:27]} e6
{[%clk 0:25:27]} 3. Nc3 {[%clk 0:25:36]} Nf6 {[%clk 0:25:35]} 4. Bg5
{[%clk 0:25:44]} Be7 {[%clk 0:25:43]} 5. Nf3 {[%clk 0:25:50]} O-O
{[%clk 0:25:41]} 6. e3 Nbd7 {[%clk 0:25:49]} 7. Rc1 {[%clk 0:26:04]} Re8
{[%clk 0:24:15]} 8. Bd3 {[%clk 0:26:08]} dxc4 {[%clk 0:24:23]} 9. Bxc4
{[%clk 0:26:16]} c5 {[%clk 0:24:25]} 10. O-O {[%clk 0:26:08]} cxd4
{[%clk 0:24:33]} 11. Nxd4 {[%clk 0:25:58]} Qa5 {[%clk 0:23:58]} 12. Qe2
{[%clk 0:24:52]} Qxg5 {[%clk 0:23:54]} 13. Ndb5 {[%clk 0:24:27]} Rd8
{[%clk 0:22:26]} 14. Rfd1 {[%clk 0:23:15]} a6 {[%clk 0:22:12]} 15. Nd4
{[%clk 0:23:06]} b5 {[%clk 0:21:46]} 16. Qf3 {[%clk 0:21:18]} Nb6
{[%clk 0:19:37]} 17. Nc6 {[%clk 0:18:25]} Rxd1+ {[%clk 0:15:26]} 18. Rxd1
{[%clk 0:18:32]} Bf8 {[%clk 0:13:36]} 19. Bb3 {[%clk 0:14:25]} Bd7
{[%clk 0:07:26]} 20. Nd4 {[%clk 0:09:30]} e5 {[%clk 0:03:31]} 21. Nde2
{[%clk 0:09:20]} b4 {[%clk 0:01:46]} 22. Nd5 {[%clk 0:09:20]} Nbxd5
{[%clk 0:01:31]} 23. Bxd5 {[%clk 0:09:00]} Nxd5 {[%clk 0:01:15]} 24. Qxd5
{[%clk 0:09:05]} Rd8 {[%clk 0:01:19]} 25. Qb7 {[%clk 0:07:28]} Bc6
{[%clk 0:01:12]} 0-1

[Event "MCRDMZ 2018"]
[Site "Varnsdorf"]
[Date "2018.06.17"]
[Round "8.11"]
[White "Samohyl Adam (Malenovice)"]
[Black "Trasakova Adela (Polabiny A)"]
[Result "0-1"]
[BlackElo "1611"]
[WhiteElo "1243"]
[LiveChessVersion "1.4.8"]

1. e4 {[%clk 0:25:16]} c6 {[%clk 0:25:18]} 2. d4 {[%clk 0:25:16]} d5
{[%clk 0:25:25]} 3. Nc3 {[%clk 0:25:22]} dxe4 {[%clk 0:25:30]} 4. Nxe4
{[%clk 0:25:25]} Bf5 {[%clk 0:25:37]} 5. Ng3 {[%clk 0:25:12]} Bg6
{[%clk 0:25:44]} 6. Nf3 {[%clk 0:24:56]} Nd7 {[%clk 0:25:44]} 7. Bf4
{[%clk 0:24:46]} e6 {[%clk 0:25:06]} 8. Bc4 {[%clk 0:24:48]} Ngf6
{[%clk 0:24:42]} 9. O-O {[%clk 0:24:49]} Be7 {[%clk 0:24:17]} 10. Re1
{[%clk 0:24:04]} O-O {[%clk 0:24:12]} 11. c3 {[%clk 0:23:52]} Nd5
{[%clk 0:22:32]} 12. Be5 {[%clk 0:22:24]} Nxe5 {[%clk 0:19:52]} 13. Nxe5
{[%clk 0:21:24]} Qc7 {[%clk 0:18:29]} 14. Nf3 {[%clk 0:21:02]} b5
{[%clk 0:17:39]} 15. Bd3 {[%clk 0:21:06]} Bxd3 {[%clk 0:17:04]} 16. Qxd3
{[%clk 0:21:04]} Rfd8 {[%clk 0:16:13]} 17. h3 {[%clk 0:19:21]} a6
{[%clk 0:15:33]} 18. Qc2 {[%clk 0:18:27]} c5 {[%clk 0:14:41]} 19. Ne2
{[%clk 0:17:49]} Qb6 {[%clk 0:13:55]} 20. Rad1 {[%clk 0:17:32]} Rac8
{[%clk 0:13:36]} 21. dxc5 {[%clk 0:17:13]} Bxc5 {[%clk 0:13:31]} 22. Ned4
{[%clk 0:17:15]} Nf6 {[%clk 0:13:00]} 23. Rd2 {[%clk 0:16:54]} Bxd4
{[%clk 0:10:45]} 24. Nxd4 {[%clk 0:11:26]} Rxd4 {[%clk 0:08:18]} 25. Rxd4
{[%clk 0:11:19]} Qxd4 {[%clk 0:08:18]} 26. Rd1 {[%clk 0:10:37]} Qc5
{[%clk 0:07:14]} 27. Rd3 {[%clk 0:09:47]} Nd5 {[%clk 0:06:45]} 28. Rd4
{[%clk 0:07:44]} Qxd4 {[%clk 0:06:40]} 0-1

[Event "MCRDMZ 2018"]
[Site "Varnsdorf"]
[Date "2018.06.17"]
[Round "8.12"]
[White "Stary Vojtech (Polabiny A)"]
[Black "Hobza Richard (Malenovice)"]
[Result "1-0"]
[BlackElo "1108"]
[WhiteElo "1290"]
[LiveChessVersion "1.4.8"]

1. e4 {[%clk 0:25:18]} d5 {[%clk 0:25:19]} 2. exd5 {[%clk 0:25:24]} Nf6
{[%clk 0:25:27]} 3. Nc3 {[%clk 0:25:31]} Nxd5 {[%clk 0:25:35]} 4. Nf3
{[%clk 0:25:36]} Bg4 {[%clk 0:25:35]} 5. Be2 {[%clk 0:25:41]} Nc6
{[%clk 0:25:19]} 6. O-O {[%clk 0:25:40]} e6 {[%clk 0:24:52]} 7. d3
{[%clk 0:25:29]} Bb4 {[%clk 0:24:34]} 8. Bd2 {[%clk 0:25:21]} O-O
{[%clk 0:23:59]} 9. h3 {[%clk 0:25:16]} Bh5 {[%clk 0:23:48]} 10. a3
{[%clk 0:24:38]} Ba5 {[%clk 0:22:50]} 11. Ne4 {[%clk 0:23:49]} Bb6
{[%clk 0:21:43]} 12. Ng3 {[%clk 0:19:21]} Bg6 {[%clk 0:21:11]} 13. c3
{[%clk 0:18:30]} Qd7 {[%clk 0:19:02]} 14. d4 {[%clk 0:18:28]} Rfe8
{[%clk 0:16:20]} 15. Bb5 {[%clk 0:18:00]} a6 {[%clk 0:15:47]} 16. Ne5
{[%clk 0:18:02]} Qd6 {[%clk 0:14:11]} 17. Ba4 {[%clk 0:17:37]} Re7
{[%clk 0:12:32]} 18. c4 {[%clk 0:16:49]} Nf6 {[%clk 0:11:24]} 19. Nxc6
{[%clk 0:15:17]} bxc6 {[%clk 0:11:13]} 20. c5 {[%clk 0:15:24]} Bxc5
{[%clk 0:09:28]} 21. dxc5 {[%clk 0:15:29]} Qxc5 {[%clk 0:09:32]} 22. Bb4
{[%clk 0:15:12]} Qd5 {[%clk 0:08:16]} 23. Bxe7 {[%clk 0:15:01]} Ne4
{[%clk 0:06:10]} 24. Qxd5 {[%clk 0:14:39]} cxd5 {[%clk 0:06:14]} 25. Nxe4
{[%clk 0:14:42]} Bxe4 {[%clk 0:06:20]} 26. Rac1 {[%clk 0:14:23]} Ra7
{[%clk 0:05:40]} 27. Rc3 {[%clk 0:12:52]} d4 {[%clk 0:05:22]} 28. Rb3
{[%clk 0:12:44]} h6 {[%clk 0:04:23]} 29. Bc5 {[%clk 0:12:28]} Ra8
{[%clk 0:04:04]} 30. Bxd4 {[%clk 0:11:41]} a5 {[%clk 0:04:08]} 31. Rg3
{[%clk 0:11:29]} Bg6 {[%clk 0:03:23]} 32. Rc1 {[%clk 0:11:24]} Rd8
{[%clk 0:02:09]} 33. Be5 {[%clk 0:11:21]} Rd5 {[%clk 0:01:34]} 34. Bxc7
{[%clk 0:11:15]} Rd4 {[%clk 0:01:02]} 35. Bc2 {[%clk 0:11:15]} Rc4
{[%clk 0:00:59]} 36. Rc3 {[%clk 0:11:04]} Rd4 {[%clk 0:00:43]} 37. Bxg6
{[%clk 0:11:06]} fxg6 {[%clk 0:00:51]} 38. Be5 {[%clk 0:11:04]} Rd8
{[%clk 0:00:51]} 39. Rc7 {[%clk 0:11:10]} Kf8 {[%clk 0:00:41]} 40. Bxg7+
{[%clk 0:11:06]} Kg8 {[%clk 0:00:37]} 41. Bxh6 {[%clk 0:11:01]} Kh8
{[%clk 0:00:28]} 42. Rc8 {[%clk 0:10:50]} Rxc8 {[%clk 0:00:35]} 43. Rxc8+
{[%clk 0:10:58]} Kh7 {[%clk 0:00:44]} 44. Be3 {[%clk 0:11:05]} Kg7
{[%clk 0:00:38]} 45. b4 {[%clk 0:11:05]} axb4 {[%clk 0:00:41]} 46. axb4
{[%clk 0:11:12]} Kf7 {[%clk 0:00:42]} 47. b5 {[%clk 0:11:20]} Ke7
{[%clk 0:00:50]} 48. b6 {[%clk 0:11:27]} Kd7 {[%clk 0:00:59]} 49. Rc1
{[%clk 0:11:35]} Kd6 {[%clk 0:01:01]} 50. b7 {[%clk 0:11:43]} Ke5
{[%clk 0:00:52]} 51. b8=Q+ {[%clk 0:11:49]} Kf6 {[%clk 0:01:00]} 52. Rc5
{[%clk 0:11:51]} Kg7 {[%clk 0:01:02]} 53. Qe5+ {[%clk 0:11:53]} Kh7
{[%clk 0:01:06]} 54. Rc7+ {[%clk 0:11:58]} Kg8 {[%clk 0:01:14]} 55. Qg7#
{[%clk 0:12:06]} 1-0

[Event "MCRDMZ 2018"]
[Site "Varnsdorf"]
[Date "2018.06.17"]
[Round "8.13"]
[White "Stalmach Richard (BSS F-M A)"]
[Black "Pejrimovska Viola Ruby (Chotebor)"]
[Result "1-0"]
[BlackElo "1491"]
[WhiteElo "1754"]
[LiveChessVersion "1.4.8"]

1. d4 {[%clk 0:25:19]} Nf6 {[%clk 0:25:18]} 2. c4 {[%clk 0:25:28]} c5
{[%clk 0:25:25]} 3. d5 {[%clk 0:25:36]} e6 {[%clk 0:24:06]} 4. Nc3
{[%clk 0:25:21]} exd5 {[%clk 0:23:21]} 5. cxd5 {[%clk 0:24:25]} d6
{[%clk 0:23:26]} 6. e4 {[%clk 0:24:01]} g6 {[%clk 0:23:13]} 7. h3
{[%clk 0:21:27]} Bg7 {[%clk 0:22:55]} 8. Nf3 {[%clk 0:21:35]} O-O
{[%clk 0:22:50]} 9. Be2 {[%clk 0:21:21]} Re8 {[%clk 0:22:14]} 10. Qc2
{[%clk 0:21:21]} Qe7 {[%clk 0:17:06]} 11. Nd2 {[%clk 0:20:54]} Nbd7
{[%clk 0:15:08]} 12. O-O {[%clk 0:20:45]} Ne5 {[%clk 0:13:38]} 13. f4
{[%clk 0:20:41]} Ned7 {[%clk 0:13:14]} 14. Bf3 {[%clk 0:20:10]} Nb6
{[%clk 0:11:23]} 15. a4 {[%clk 0:19:44]} Nbd7 {[%clk 0:07:40]} 16. Nc4
{[%clk 0:19:16]} Nb6 {[%clk 0:03:51]} 17. Nd2 {[%clk 0:18:28]} a5
{[%clk 0:03:07]} 18. b3 {[%clk 0:17:22]} Bd7 {[%clk 0:03:05]} 19. Bb2
{[%clk 0:17:08]} Rac8 {[%clk 0:03:05]} 20. Nc4 {[%clk 0:17:08]} Nxc4
{[%clk 0:02:38]} 21. bxc4 {[%clk 0:17:16]} Qd8 {[%clk 0:02:00]} 22. Rae1
{[%clk 0:16:57]} Qc7 {[%clk 0:01:44]} 23. Qb3 {[%clk 0:15:40]} Re7
{[%clk 0:01:11]} 24. Nb5 {[%clk 0:15:24]} Bxb5 {[%clk 0:01:17]} 25. Qxb5
{[%clk 0:15:31]} Rce8 {[%clk 0:01:17]} 26. e5 {[%clk 0:14:03]} Nd7
{[%clk 0:00:44]} 27. exd6 {[%clk 0:12:04]} Qxd6 {[%clk 0:00:52]} 28. Rxe7
{[%clk 0:12:12]} Rxe7 {[%clk 0:00:59]} 29. Bxg7 {[%clk 0:12:19]} Kxg7
{[%clk 0:01:06]} 30. Qxb7 {[%clk 0:12:28]} Nf6 {[%clk 0:00:32]} 31. Qc6
{[%clk 0:12:19]} Qxc6 {[%clk 0:00:29]} 32. dxc6 {[%clk 0:12:28]} Rc7
{[%clk 0:00:34]} 33. Rb1 {[%clk 0:12:33]} Rc8 {[%clk 0:00:29]} 34. Rb5
{[%clk 0:12:40]} Ne8 {[%clk 0:00:24]} 35. Rxc5 {[%clk 0:12:46]} Nd6
{[%clk 0:00:28]} 36. Bd5 {[%clk 0:12:41]} Rc7 {[%clk 0:00:21]} 37. Rxa5
{[%clk 0:12:26]} Kf6 {[%clk 0:00:26]} 38. c5 {[%clk 0:12:30]} Nf5
{[%clk 0:00:28]} 39. Rb5 {[%clk 0:12:27]} Nd4 {[%clk 0:00:28]} 40. Rb7
{[%clk 0:12:31]} Re7 {[%clk 0:00:29]} 41. Rxe7 {[%clk 0:12:37]} Kxe7
{[%clk 0:00:36]} 42. Kf2 {[%clk 0:12:17]} f6 {[%clk 0:00:40]} 43. Ke3
{[%clk 0:12:21]} Nc2+ {[%clk 0:00:45]} 44. Kd3 {[%clk 0:12:22]} Nb4+
{[%clk 0:00:47]} 45. Kc4 {[%clk 0:12:30]} Nc2 {[%clk 0:00:33]} 46. Kb5
{[%clk 0:12:35]} Kd8 {[%clk 0:00:29]} 47. Kb6 {[%clk 0:12:39]} Nd4
{[%clk 0:00:32]} 48. c7+ {[%clk 0:12:45]} Kd7 {[%clk 0:00:23]} 49. c6+
{[%clk 0:12:48]} Kc8 {[%clk 0:00:23]} 50. Bf7 {[%clk 0:12:39]} Nf5
{[%clk 0:00:12]} 51. Be6# 1-0

[Event "MCRDMZ 2018"]
[Site "Varnsdorf"]
[Date "2018.06.17"]
[Round "8.14"]
[White "Nejedly Radek (Chotebor)"]
[Black "Paseka Matyas (BSS F-M A)"]
[Result "0-1"]
[BlackElo "1730"]
[WhiteElo "1403"]
[LiveChessVersion "1.4.8"]

1. e4 {[%clk 0:25:17]} c5 {[%clk 0:25:18]} 2. d4 {[%clk 0:25:23]} cxd4
{[%clk 0:25:25]} 3. Qxd4 {[%clk 0:25:29]} Nc6 {[%clk 0:25:16]} 4. Qe3
{[%clk 0:25:37]} d6 {[%clk 0:24:39]} 5. Bd3 {[%clk 0:24:12]} Nf6 {[%clk 0:23:13]}
6. Nc3 {[%clk 0:23:34]} e6 {[%clk 0:22:05]} 7. Bd2 {[%clk 0:23:14]} Be7
{[%clk 0:21:35]} 8. O-O-O {[%clk 0:23:13]} a6 {[%clk 0:17:48]} 9. h3
{[%clk 0:22:38]} h5 {[%clk 0:15:54]} 10. Nf3 {[%clk 0:18:44]} Qc7
{[%clk 0:13:37]} 11. Rdg1 {[%clk 0:18:35]} h4 {[%clk 0:07:21]} 12. g3
{[%clk 0:18:28]} hxg3 {[%clk 0:07:04]} 13. Rxg3 {[%clk 0:18:24]} Nh5
{[%clk 0:06:43]} 14. Rgg1 {[%clk 0:17:31]} Bd7 {[%clk 0:06:01]} 15. Nd4
{[%clk 0:14:08]} Nxd4 {[%clk 0:04:40]} 16. Qxd4 {[%clk 0:14:01]} Bf6
{[%clk 0:04:41]} 17. Qe3 {[%clk 0:13:50]} O-O-O {[%clk 0:04:27]} 18. Qf3
{[%clk 0:12:10]} Bc6 {[%clk 0:02:31]} 19. Re1 {[%clk 0:11:13]} Be5
{[%clk 0:00:35]} 20. Rhg1 {[%clk 0:10:51]} Rdf8 {[%clk 0:00:14]} 21. Bc4
{[%clk 0:09:59]} b5 {[%clk 0:00:19]} 22. Bb3 {[%clk 0:10:01]} Qd7
{[%clk 0:00:22]} 23. Qd3 {[%clk 0:09:28]} Nf4 {[%clk 0:00:30]} 24. Qf3
{[%clk 0:08:47]} Rxh3 {[%clk 0:00:23]} 25. Qg4 {[%clk 0:08:20]} f5
{[%clk 0:00:32]} 26. exf5 {[%clk 0:07:45]} exf5 {[%clk 0:00:41]} 27. Qd1
{[%clk 0:06:13]} Bf3 {[%clk 0:00:41]} 28. Ne2 {[%clk 0:05:49]} Bxe2
{[%clk 0:00:49]} 29. Rxe2 {[%clk 0:05:53]} Nxe2+ {[%clk 0:00:57]} 30. Qxe2
{[%clk 0:05:58]} Re8 {[%clk 0:00:42]} 31. Qf1 {[%clk 0:05:20]} Reh8
{[%clk 0:00:33]} 32. Be3 {[%clk 0:04:15]} f4 {[%clk 0:00:39]} 33. Bd2
{[%clk 0:04:10]} Qe7 {[%clk 0:00:31]} 34. Bd5 {[%clk 0:03:54]} Qf6
{[%clk 0:00:30]} 35. c3 {[%clk 0:03:54]} Kc7 {[%clk 0:00:17]} 36. Be4
{[%clk 0:03:34]} g5 {[%clk 0:00:17]} 37. f3 {[%clk 0:02:55]} Rh2 {[%clk 0:00:13]}
38. Be1 {[%clk 0:02:19]} Qe6 {[%clk 0:00:11]} 39. Rxg5 {[%clk 0:02:10]} Qxa2
{[%clk 0:00:19]} 40. Bb1 {[%clk 0:02:03]} Qxb2+ {[%clk 0:25:10]} 0-1

[Event "MCRDMZ 2018"]
[Site "Varnsdorf"]
[Date "2018.06.17"]
[Round "8.15"]
[White "Vasinek Martin (BSS F-M A)"]
[Black "Pejrimovsky Tadeas Rubel (Chotebor)"]
[Result "1-0"]
[BlackElo "1388"]
[WhiteElo "1829"]
[LiveChessVersion "1.4.8"]

1. d4 {[%clk 0:25:17]} Nf6 2. c4 e6 {[%clk 0:25:03]} 3. Nc3 {[%clk 0:25:35]} c5
{[%clk 0:25:10]} 4. Nf3 {[%clk 0:25:42]} cxd4 {[%clk 0:25:18]} 5. Nxd4
{[%clk 0:25:50]} d6 {[%clk 0:25:26]} 6. e3 {[%clk 0:25:58]} Be7 {[%clk 0:25:32]}
7. Be2 {[%clk 0:26:04]} Nc6 {[%clk 0:24:46]} 8. O-O {[%clk 0:26:07]} O-O
{[%clk 0:24:52]} 9. b3 {[%clk 0:26:16]} a6 {[%clk 0:24:29]} 10. Bb2
{[%clk 0:26:20]} Qc7 {[%clk 0:23:10]} 11. Rc1 {[%clk 0:26:06]} b6
{[%clk 0:22:06]} 12. Nxc6 {[%clk 0:26:07]} Qxc6 {[%clk 0:22:06]} 13. Bf3
{[%clk 0:26:17]} d5 {[%clk 0:20:15]} 14. cxd5 {[%clk 0:26:16]} Qe8
{[%clk 0:15:55]} 15. d6 {[%clk 0:26:01]} Rb8 {[%clk 0:12:11]} 16. Ba3
{[%clk 0:25:53]} Nd7 {[%clk 0:09:29]} 17. dxe7 {[%clk 0:25:52]} b5
{[%clk 0:04:26]} 18. exf8=Q+ Nxf8 {[%clk 0:04:21]} 19. Bd6 {[%clk 0:25:23]} Rb6
{[%clk 0:03:32]} 20. Bc7 {[%clk 0:25:30]} Rb7 {[%clk 0:01:50]} 21. Bxb7
{[%clk 0:25:35]} Bxb7 {[%clk 0:01:57]} 22. Bd6 {[%clk 0:24:40]} Qc6
{[%clk 0:02:03]} 23. f3 {[%clk 0:24:37]} Qe8 {[%clk 0:01:39]} 24. Bxf8
{[%clk 0:24:40]} Qxf8 {[%clk 0:01:45]} 25. Qd4 {[%clk 0:24:32]} b4
{[%clk 0:01:09]} 26. Ne4 {[%clk 0:24:30]} Bxe4 {[%clk 0:00:42]} 27. Qxe4
{[%clk 0:24:37]} f5 {[%clk 0:00:50]} 28. Qxe6+ {[%clk 0:24:45]} Kh8
{[%clk 0:00:48]} 29. Rc8 {[%clk 0:24:52]} Qxc8 {[%clk 0:00:56]} 30. Qxc8# 1-0

[Event "MCRDMZ 2018"]
[Site "Varnsdorf"]
[Date "2018.06.17"]
[Round "8.16"]
[White "Nejedly Lukas (Chotebor)"]
[Black "Licka Denis (BSS F-M A)"]
[Result "0-1"]
[BlackElo "1537"]
[WhiteElo "1444"]
[LiveChessVersion "1.4.8"]

1. e4 {[%clk 0:25:18]} c5 {[%clk 0:25:18]} 2. Nf3 {[%clk 0:25:26]} d6
{[%clk 0:25:25]} 3. Nc3 {[%clk 0:25:32]} Nf6 {[%clk 0:25:25]} 4. d4
{[%clk 0:25:38]} cxd4 {[%clk 0:25:32]} 5. Nxd4 {[%clk 0:25:45]} a6
{[%clk 0:25:41]} 6. Nf3 {[%clk 0:25:46]} e6 {[%clk 0:24:53]} 7. Be3
{[%clk 0:25:46]} Be7 {[%clk 0:24:43]} 8. Qe2 {[%clk 0:25:40]} Nbd7
{[%clk 0:24:34]} 9. O-O-O {[%clk 0:25:34]} b5 {[%clk 0:24:41]} 10. Qd2
{[%clk 0:25:28]} b4 {[%clk 0:24:14]} 11. Ne2 Nxe4 {[%clk 0:24:17]} 12. Qd4
{[%clk 0:24:46]} Nef6 {[%clk 0:23:54]} 13. Qxb4 {[%clk 0:24:44]} Rb8
{[%clk 0:22:44]} 14. Qc4 {[%clk 0:24:01]} Bb7 {[%clk 0:22:04]} 15. Ned4
{[%clk 0:23:40]} Bd5 {[%clk 0:21:49]} 16. Qxa6 {[%clk 0:22:51]} Ra8
{[%clk 0:20:49]} 17. Qb5 {[%clk 0:20:08]} Rxa2 {[%clk 0:19:39]} 18. Bc4
{[%clk 0:18:52]} Bxc4 {[%clk 0:18:55]} 19. Qxc4 {[%clk 0:18:55]} Ra8
{[%clk 0:16:37]} 20. Nc6 {[%clk 0:18:33]} Qc7 {[%clk 0:16:12]} 21. Qb5
{[%clk 0:15:19]} Ne4 {[%clk 0:14:20]} 22. Rhe1 {[%clk 0:13:23]} Ra1#
{[%clk 0:14:24]} 0-1

[Event "MCRDMZ 2018"]
[Site "Varnsdorf"]
[Date "2018.06.17"]
[Round "8.17"]
[White "Farkova Katerina (BSS F-M A)"]
[Black "Jun Robert (Chotebor)"]
[Result "1-0"]
[BlackElo "1397"]
[WhiteElo "1554"]
[LiveChessVersion "1.4.8"]

1. e4 {[%clk 0:25:18]} c5 {[%clk 0:25:19]} 2. d4 {[%clk 0:25:27]} cxd4
{[%clk 0:25:28]} 3. c3 {[%clk 0:25:36]} dxc3 {[%clk 0:25:36]} 4. Nxc3
{[%clk 0:25:44]} e6 {[%clk 0:25:45]} 5. Nf3 {[%clk 0:25:52]} a6 {[%clk 0:25:54]}
6. Be3 {[%clk 0:25:52]} d6 {[%clk 0:26:00]} 7. Be2 {[%clk 0:25:33]} Nf6
{[%clk 0:26:07]} 8. O-O {[%clk 0:25:40]} Be7 {[%clk 0:26:15]} 9. Rc1
{[%clk 0:25:05]} O-O {[%clk 0:26:13]} 10. Qc2 {[%clk 0:22:56]} b5
{[%clk 0:25:03]} 11. Bd3 {[%clk 0:21:45]} e5 {[%clk 0:24:51]} 12. Nd2
{[%clk 0:21:17]} Bb7 {[%clk 0:24:15]} 13. Nf3 {[%clk 0:17:01]} Nbd7
{[%clk 0:24:08]} 14. Rcd1 {[%clk 0:16:36]} Rc8 {[%clk 0:24:13]} 15. Qb1
{[%clk 0:16:29]} b4 {[%clk 0:24:00]} 16. Nd5 {[%clk 0:16:08]} Nxd5
{[%clk 0:23:37]} 17. exd5 {[%clk 0:16:15]} Nf6 {[%clk 0:23:30]} 18. Bf5
{[%clk 0:15:44]} Rc7 {[%clk 0:23:23]} 19. Bb6 {[%clk 0:15:52]} Bxd5
{[%clk 0:23:00]} 20. Bxc7 {[%clk 0:15:48]} Qxc7 {[%clk 0:23:09]} 21. Bxh7+
{[%clk 0:15:24]} Nxh7 {[%clk 0:23:10]} 22. Rxd5 {[%clk 0:15:32]} Qc4
{[%clk 0:23:12]} 23. Rdd1 {[%clk 0:14:48]} e4 {[%clk 0:23:15]} 24. Rd4
{[%clk 0:14:36]} Qc6 {[%clk 0:22:59]} 25. Rxe4 {[%clk 0:14:23]} Bf6
{[%clk 0:23:01]} 26. Rxb4 {[%clk 0:14:22]} d5 {[%clk 0:23:03]} 27. Rd1
{[%clk 0:13:54]} Qc5 {[%clk 0:23:04]} 28. Rb3 {[%clk 0:13:32]} d4
{[%clk 0:23:00]} 29. Qd3 {[%clk 0:15:05]} Be7 {[%clk 0:23:07]} 30. Qxa6
{[%clk 0:13:20]} Nf6 {[%clk 0:22:18]} 31. Qb5 {[%clk 0:12:39]} Qc2
{[%clk 0:21:54]} 32. Qd3 {[%clk 0:12:38]} Qc6 {[%clk 0:22:02]} 33. h3
{[%clk 0:11:52]} 1-0